Slovacia = Slovensko /
Guardado en:
| Otros Autores: | , |
|---|---|
| Formato: | Libro |
| Lenguaje: | eslovaco |
| Publicado: |
Bratislava :
Vysoká škola výtvarných umení v Bratislave,
2014
|
| Edición: | 1. vydanie |
| Materias: | |
| Etiquetas: |
Sin Etiquetas, Sea el primero en etiquetar este registro!
|
MARC
| LEADER | 00000nam a22000003a 4500 | ||
|---|---|---|---|
| 001 | 0064944 | ||
| 003 | SK-STU | ||
| 005 | 20190328132257.8 | ||
| 007 | ta | ||
| 008 | 180510s ----xo-----e------000-0-----d | ||
| 020 | |a 978-80-89664-15-3 | ||
| 040 | |a STU |b slo | ||
| 041 | 0 | |a slo | |
| 044 | |a xo | ||
| 100 | 1 | |a Stacho, Ľubo |4 edt |r Z5 | |
| 245 | 1 | 0 | |a Slovacia = Slovensko / |c ed. Ľubo Stacho ; ed. Martin Kleibl |
| 250 | |a 1. vydanie | ||
| 260 | |a Bratislava : |b Vysoká škola výtvarných umení v Bratislave, |c 2014 | ||
| 300 | |a 120 s. | ||
| 650 | 0 | 7 | |a Fotografia |
| 650 | 0 | 7 | |a umelecká fotografia |
| 650 | 0 | 7 | |a Rumunsko |
| 650 | 0 | 7 | |a rodinný život |
| 650 | 0 | 7 | |a obytné budovy |
| 650 | 0 | 7 | |a bývanie |
| 700 | 1 | |a Kleibl, Martin |4 edt | |
| 996 | |b 284AU07425 |c A* 10675/U |l AAKNST |s P |a 0 |w 0064944_0001 | ||